| 000 | 01000nam a2200217Ii 4500 | ||
|---|---|---|---|
| 003 | JO-AjNU | ||
| 008 | 230605s9999||||xx |||||||||||||| ||und|| | ||
| 017 | _a1992/11/813 | ||
| 040 |
_aJO-AjNU _bara _erda _cJO-AjNU |
||
| 041 | _aara | ||
| 050 | 1 | 4 | _aBP173.758.Z8264 1992 |
| 100 | 3 |
_aزعيتر، عبد الرحمن بن صبحي, _eauthor _929972 |
|
| 245 | 0 | 0 | _aحكم الإسلام في شهادات الإستثمار وصناديق التوفير وودائع البنوك: رد تفصيلي على الفتوى التي أصدرها مفتي مصر في إباحة الربا و موؤيديها كالشيخ الغزالي والشيخ النمر |
| 250 | _aط1 | ||
| 264 | 3 | 1 | _aعمان: دار الحسن للنشر والتوزيع، 1992 |
| 300 | _a159ص | ||
| 336 |
_atext _btxt _2rdacontent |
||
| 337 |
_aunmediated _bn _2rdamedia |
||
| 338 |
_avolume _bnc _2rdacarrier |
||
| 650 | 4 |
_aالربا- الودائع- شهادات الاستثمار- الفقه الاسلامي _929973 |
|
| 999 |
_aA11824 _c15392 _d15392 |
||